00367nam a2200133Ia 450000500170000000800410001702000150005808200130007310000180008624500370010426000400014130000120018150000400019320250626015939.0240331s9999 xx 000 0 und d a9552009324 bABEa352 aAbesinghe,W.A 0aSri Lankawe solbary andu kramaya aColombobS. Godage & Brothersc1993 a71 p ., aSoul bury Constitution of Sri Lanka